Pratinidhi hasya kahaniyam / (Record no. 335708)
[ view plain ]
| 000 -LEADER | |
|---|---|
| fixed length control field | 00472cam a2200193ua 4500 |
| 020 ## - INTERNATIONAL STANDARD BOOK NUMBER | |
| Terms of availability | 12.50 |
| 041 ## - LANGUAGE CODE | |
| Language code of text/sound track or separate title | hin |
| Language code of original | |
| 082 ## - DEWEY DECIMAL CLASSIFICATION NUMBER | |
| Classification number | 891.54 |
| Item number | MAN/PR |
| 100 ## - MAIN ENTRY--PERSONAL NAME | |
| Personal name | Manmohan , Saral . |
| 245 ## - TITLE STATEMENT | |
| Title | Pratinidhi hasya kahaniyam / |
| Statement of responsibility, etc. | Manmohan Saral. |
| Medium | Textual Documents |
| 250 ## - EDITION STATEMENT | |
| Edition statement | 1 / |
| Remainder of edition statement | . |
| 260 ## - PUBLICATION, DISTRIBUTION, ETC. (IMPRINT) | |
| Place of publication, distribution, etc. | : |
| Name of publisher, distributor, etc. | Atmaram and Sons , |
| Date of publication, distribution, etc. | 1960. |
| 300 ## - PHYSICAL DESCRIPTION | |
| Extent | 460 ; . |
| 365 ## - TRADE PRICE | |
| Price type code | 12.50 |
| 504 ## - BIBLIOGRAPHY, ETC. NOTE | |
| Bibliography, etc | |
| 700 1# - ADDED ENTRY--PERSONAL NAME | |
| Personal name | Shri Krishna, . |
| 942 ## - ADDED ENTRY ELEMENTS (KOHA) | |
| Koha item type | Books (General) |
No items available.
